Medina County, OH: Cities, Villages & Townships - Statistics

General Stats
  • This quiz has been taken 90 times
  • The average score is 9 of 27
Answer Stats
First Letter Population Type Answer % Correct
M 26,678 City Medina
100%
M 7,783 Township Medina
100%
B 34,255 City Brunswick
94%
W 21,567 City Wadsworth
76%
W 3,996 Township Wadsworth
76%
L 2,746 Village Lodi
59%
H 7,646 Township Hinckley
53%
S 2,296 Village Seville
47%
C 711 Village Chippewa Lake
41%
S 4,244 Township Sharon
29%
C 2,158 Township Chatham
24%
G 3,928 Township Granger
24%
L 3,250 Township Litchfield
24%
M 11,185 Township Montville
24%
H 1,461 Township Homer
18%
B 5,469 Township Brunswick Hills
12%
C 2,171 Village Creston
12%
L 5,476 Township Lafayette
12%
S 2,429 Township Spencer
12%
S 753 Village Spencer
12%
W 4,172 Township Westfield
12%
Y 2,912 Township York
12%
G 425 Village Gloria Glens Park
6%
W 1,115 Village Westfield Center
6%
G 5,447 Township Guilford
0%
H 4,914 Township Harrisville
0%
L 5,127 Township Liverpool
0%
No matching quizzes found
Score Distribution
Percent of People with Each Score
Percentile by Number Answered
Your Score History
You have not taken this quiz